000 00441nam a2200169 i 4500
001 50998
003 ES-MaACL
005 20230906162256.0
007 t|
008 030808s1960 sp a |||| | spa d
245 0 0 _aCurso de técnico electricista.
260 _a[Barcelona] :
_bCeac,
_c[1960]
300 _a28 p. :
_bil. ;
_c21 cm.
500 _aEnvío 23, p. 1513-1570.
650 4 _aElectrotecnia.
_912169
852 _aES-MaACL
_j2035-F-3
999 _c50998
_d50998